000 01145naa a22002897a 4500
001 BR8003046
003 BR-BrBNA
005 20240918174604.0
007 ta
008 230509b bl.||||| |||| 00| 0 por d
040 _aBR-BrBNA
_bpor
_cBiblioteca Nacional de Agricultura
041 _a(Pt)
072 _aF30
_b1110
_bG514
090 _aF30 BR8003046
100 1 _aGenu, P.J. de C.
100 1 _aPinto, A.C. de Q.
111 1 _aSimposio de Recursos Geneticos Vegetais. Sessao 1 - Bancos Ativos de Germoplasma
_cBrasilia, DF (Brazil)
_d21 May 1979
245 1 _aBanco Ativo de Germoplasma de Abacate [Persea americana; Brasil]
260 3 _aBrasilia, DF (Brasil):
_c1980.
500 _aSimposio de Recursos Geneticos Vegetais. Sessao 1 - Bancos Ativos de Germoplasma Brasilia, DF (Brasil): 1980. p. 56-59 (BR8003046-AM)F30
650 _aAbacate
650 _aBanco de germoplasma
650 _aVariedade resistente
773 0 _tSimposio de Recursos Geneticos Vegetais. Sessao 1 - Bancos Ativos de Germoplasma
_wF30 BR8003046
_gBrasilia, DF (Brasil), 1980. p. 56-59
909 _a202404
_bLucia
_c55
_dLucia Elande
942 _cAM
_2AGRIS
999 _c312192
_d312192